Normal view
MARC view
- DR WASI HAIDER PROJECT CO-SUPERVISOR . DR. ALI HASSAN
Entry Personal Name
001 - CONTROL NUMBER
- control field: 72944
003 - CONTROL NUMBER IDENTIFIER
- control field: NUST
005 - DATE AND TIME OF LATEST TRANSACTION
- control field: 20210628204939.0
008 - FIXED-LENGTH DATA ELEMENTS
- fixed length control field: 210628|| aca||aabn | a|a d
040 ## - CATALOGING SOURCE
- Original cataloging agency: NUST
- Transcribing agency: NUST
100 ## - HEADING--PERSONAL NAME
- Personal name: DR WASI HAIDER PROJECT CO-SUPERVISOR . DR. ALI HASSAN
670 ## - SOURCE DATA FOUND
- Source citation: Work cat.: (NUST): GC IRFAN HAIDER PC SHER ISLAM NC QAISER ALI NC HAD-UR-REHMAN 72942, PR-SOF-1871-An AI Based Crime Analyzer, 2020
